000 00617 a2200181 4500
999 _c1378
_d1378
020 _a9780071270106
050 _aHF 5415.2 HAI 2009
100 _aHair, Joseph,F. Jr.
_eAuthor
245 _aMarketing Research:
_bIn a digital information environment/
_cJoseph F. Hair,JR, Robert P. Bush and David J. Ortinau
250 _a4th ed.
_bInternational edition
264 _aBoston:
_bMcGraw Hill,
_c2009
300 _a690p.
_bill.(col.)
500 _aIncludes index
650 _aMarketing Research
700 _aBush ,Robert,P.
_eauthor
700 _aOrtinau David,J.
_eauthor
942 _2lcc
_cBK
_e4th ed.
_h5415.2
_iHAI
_k2009